Najbardziej aktywni polscy organizatorzy zawodów WCA w 2024 roku - Statystyki

Ogólne statystyki
  • Ten quiz został rozwiązany 69 razy
  • Średni wynik to 12 z 22
Statystyki odpowiedzi
Liczba zorganizowanych zawodów Speedcuber % Poprawnych
13 Piotr Tokarski
92%
7 Adam Polkowski
89%
4 Stowarzyszenie Liga Niezwykłych
86%
22 Karol Zakrzewski
84%
8 Krzysztof Bober
84%
6 Przemysław Rogalski
78%
3 Łukasz Dubicki
67%
5 Maciej Spirydowicz
65%
8 Amelia Zakrzewska
63%
7 Kamil Przybylski
62%
5 Piotr Olszewski
62%
4 Kacper Paweł Dworak
59%
8 Radomił Baran
48%
10 Wojciech Rogoziński
46%
5 Michał Bogdan
40%
5 Dominika Warchoł
38%
7 Radosław Opoka
38%
4 Maksymilian Gala
37%
4 Karol Kantor
35%
4 Marta Radziwanowska
29%
7 Mateusz Kanarski
29%
3 Franciszek Fidos
19%
Nie znaleziono quizów pasujących do podanych kryteriów
Rozkład punktacji
Procent ludzi z każdym wynikiem
Percentyl według liczby udzielonych odpowiedzi
Twoja historia wyników
Nie rozwiązałeś tego quizu